000 01012nac a22003137a 4500
001 BR0103501
003 BR-BrBNA
005 20240105122610.0
008 230509b bl.|||m| |||| 00| 0 por d
040 _aBR-BrBNA
_bpor
_cBiblioteca Nacional de Agricultura
072 _aF30; F50
090 _a2790 BR0103501
100 1 _aLameira, O.A.
100 1 _aRodrigues, S.T.
100 1 _aRosal, L.F.
100 1 _aAmorim, A.C.L.
110 1 _aEMBRAPA Amazonia Oriental, Belem, PA (Brasil)
245 1 _aColeta, avaliacao e caracterizacao de plantas medicinais de ocorrencia na amazonia
260 3 _aBelem, PA (Brasil):
_c2000.
300 _a5 p.
490 _aComunicado Tecnico - EMBRAPA Amazonia Oriental (Brazil)
_vno. 23
_xISSN 1517-2244
650 _aPlanta Medicinal
650 _aPropriedade Fisico-Quimica
650 _aPropagacao Vegetativa
650 _aMelhoramento Genetico Vegetal
650 _aAmazonas
909 _a202312
_bLúcia Elande
_c55
_dLúcia Elande
942 _2AGRIS
_n0
_cMS
999 _c291849
_d291849